| Поле | Инд. | ПП | Название | Значение |
|---|---|---|---|---|
| Тип записи | a | |||
| Библиографический уровень | a | |||
| 001 | Контрольный номер | RU/IS/BASE/135101095 | ||
| 005 | Дата корректировки | 20231206142152.1 | ||
| 084 | a | Индекс другой классификации/Индекс ББК | 81.49-67; 81.067 | |
| 090 | 00 | a | Полочн. индекс | 81я43 |
| x | Авторский знак | П 781 | ||
| 100 | 10 | a | Автор | Десницкая А. В. |
| 245 | 00 | a | Заглавие | Язык устной народной поэзии как проблема социальной диалектологии |
| 650 | 04 | a | Основная рубрика | филологические науки; языкознание |
| 653 | 00 | a | Ключевые слова | албанский язык |
| a | Ключевые слова | диалектология | ||
| a | Ключевые слова | лексический состав | ||
| a | Ключевые слова | народная поэзия | ||
| a | Ключевые слова | общее | ||
| a | Ключевые слова | речевые формулы | ||
| a | Ключевые слова | социальные диалекты | ||
| a | Ключевые слова | устное народное творчество | ||
| a | Ключевые слова | фонетические нормы | ||
| a | Ключевые слова | частное языкознание | ||
| a | Ключевые слова | язык фольклора | ||
| 773 | 00 | d | Дата издания источника | Москва, 1967 |
| g | Прочая информация | С. 111-115 | ||
| t | Заглавие источника | Проблемы языкознания | ||
| w | Контрольный № источника | RU/IS/BASE/102085341 | ||
| 901 | t | Тип документа | a |